Los orígenes del totalitarismo. (Record no. 183245)
[ view plain ]
| 000 -LEADER | |
|---|---|
| campo de control de longitud fija | 00922nam a22002775i 4500 |
| 001 - NÚMERO DE CONTROL | |
| campo de control | 183245 |
| 003 - IDENTIFICADOR DE NÚMERO DE CONTROL | |
| campo de control | ES-MaACL |
| 005 - FECHA Y HORA DE LA ÚLTIMA TRANSACCIÓN | |
| campo de control | 20260115063028.0 |
| 008 - DATOS DE LONGITUD FIJA--INFORMACIÓN GENERAL | |
| campo de control de longitud fija | 140131s1987 sp | |||| ||spa d |
| 020 ## - NÚMERO INTERNACIONAL ESTÁNDAR DEL LIBRO | |
| Número Internacional Estándar del Libro | 84-206-2316-4 |
| 080 ## - NÚMERO DE LA CLASIFICACIÓN DECIMAL UNIVERSAL | |
| Número de la Clasificación Decimal Universal | 321.6 |
| 080 ## - NÚMERO DE LA CLASIFICACIÓN DECIMAL UNIVERSAL | |
| Número de la Clasificación Decimal Universal | 342.392 |
| 100 1# - ENTRADA PRINCIPAL--NOMBRE DE PERSONA | |
| Nombre de persona | Arendt, Hannah, |
| Fechas asociadas al nombre | 1906-1975 |
| 9 (RLIN) | 242687 |
| 245 14 - MENCIÓN DEL TÍTULO | |
| Título | Los orígenes del totalitarismo. |
| Número de parte o sección de la obra | 2., |
| Nombre de parte o sección de la obra | Imperialismo / |
| Mención de responsabilidad, etc. | Hannah Arendt ; versión de Guillermo Solana. |
| 250 ## - MENCION DE EDICION | |
| Mención de edición | 2ª ed. en Alianza Universidad. |
| 260 ## - PUBLICACIÓN, DISTRIBUCIÓN, ETC. | |
| Lugar de publicación, distribución, etc. | Madrid : |
| Nombre del editor, distribuidor, etc. | Alianza Editorial, |
| Fecha de publicación, distribución, etc. | 1987. |
| 300 ## - DESCRIPCIÓN FÍSICA | |
| Extensión | 448 p. ; |
| Dimensiones | 20 cm. |
| 490 1# - MENCIÓN DE SERIE | |
| Mención de serie | Alianza universidad ; |
| Designación de volumen o secuencia | 316 |
| 500 ## - NOTA GENERAL | |
| Nota general | Índice. |
| 504 ## - NOTA DE BIBLIOGRAFÍA, ETC. | |
| Nota de bibliografía, etc. | Bibliografía. |
| 650 04 - PUNTO DE ACCESO ADICIONAL DE MATERIA--TÉRMINO DE MATERIA | |
| Término de materia o nombre geográfico como elemento de entrada | Totalitarismo- |
| Subdivisión de forma | Historia. |
| 9 (RLIN) | 17572 |
| 700 1# - ENTRADA AGREGADA--NOMBRE PERSONAL | |
| Nombre de persona | Solana, Guillermo, |
| Fechas asociadas al nombre | 1930-2004 |
| 9 (RLIN) | 107067 |
| 830 0# - PUNTO DE ACCESO ADICIONAL DE SERIE-TÍTULO UNIFORME | |
| Título uniforme | Alianza universidad ; |
| Designación de volumen o secuencia | 316 |
| 9 (RLIN) | 177276 |
| 852 ## - LOCALIZACIÓN | |
| Ubicación | ES-MaACL |
| Número de control de estantería | L-30076 |
| Nota libre | .- Donat. Miguel A. Velasco |
| Estatus retirado | Estado de pérdida | Estado de daño | No para préstamo | Biblioteca de origen | Biblioteca actual | Ubicación en estantería | Fecha de adquisición | Fuente de adquisición | Total de préstamos | Signatura topográfica completa | Código de barras | Visto por última vez | Precio de reemplazo | Tipo de ítem Koha |
|---|---|---|---|---|---|---|---|---|---|---|---|---|---|---|
| Biblioteca del Ateneo de Madrid | Biblioteca del Ateneo de Madrid | Depósito 2 | 31/01/2014 | L-30076 | 1192590 | 23/02/2023 | 23/02/2023 | Libro impreso |
